000 01238nam a22002177a 4500
005 20220421155441.0
008 220309b ||||| |||| 00| 0 eng d
020 _a9789352676774
040 _cAL
041 _aeng
082 _223
_a641
_bLONI
100 _aLongvah T
_923249
245 _aIndian food composition tables
260 _aIndia
_bNational Institute of nutrition
_c2017
300 _axxxi,535p.
_bHB
_c30.4x21.5cm.
365 _2General
_aVBI-1343
_b₹487.50
_c
_d₹650.00
_e25%
_f21-02-2022
520 _aThis book provides detailed information on the nutrient composition of a wide range of common Indian foods available all over India. It also has a write-up on the basic aspects of human nutrition. Keeping food composition date up-to-date is a continuous challenge. This book not only provides data of regular nutrients in foods complete an all respect but also on a whole range of bio-active substances. The tables contain data on oligosaccharides, phytosterols, organic acids and individual polyphenols. It also embodies an exhaustive database on amino acid and fatty acid profiles of various foods in India.
650 _2Food
_aFood and drink
_923250
700 _aAnanthan, R; et.al
_923251
942 _2ddc
_cBK
999 _c221799
_d221799